<?xml version="1.0" encoding="UTF-8"?>
<marc:record xmlns:marc="http://www.loc.gov/MARC21/slim">
   <marc:leader>00000nam a2200000 a 4500</marc:leader>
   <marc:datafield ind1="1" ind2=" " tag="100">
      <marc:subfield code="a">Nekvapil, Kemi</marc:subfield>
      <marc:subfield code="4">aut</marc:subfield>
      <marc:subfield code="e">Verfasser/-in</marc:subfield>
   </marc:datafield>
   <marc:datafield ind1=" " ind2=" " tag="653">
      <marc:subfield code="a">American Shelves</marc:subfield>
   </marc:datafield>
   <marc:datafield ind1=" " ind2=" " tag="653">
      <marc:subfield code="a">Amerikanische Botschaft</marc:subfield>
   </marc:datafield>
   <marc:datafield ind1=" " ind2=" " tag="653">
      <marc:subfield code="a">Englisch</marc:subfield>
   </marc:datafield>
   <marc:datafield ind1=" " ind2=" " tag="653">
      <marc:subfield code="a">FS.E</marc:subfield>
   </marc:datafield>
   <marc:datafield ind1=" " ind2=" " tag="653">
      <marc:subfield code="a">Female Empowerment</marc:subfield>
   </marc:datafield>
   <marc:datafield ind1=" " ind2=" " tag="653">
      <marc:subfield code="a">Feminismus</marc:subfield>
   </marc:datafield>
   <marc:datafield ind1=" " ind2=" " tag="653">
      <marc:subfield code="a">Frauen</marc:subfield>
   </marc:datafield>
   <marc:datafield ind1=" " ind2=" " tag="653">
      <marc:subfield code="a">Führungskraft</marc:subfield>
   </marc:datafield>
   <marc:datafield ind1=" " ind2=" " tag="653">
      <marc:subfield code="a">Motivation</marc:subfield>
   </marc:datafield>
   <marc:datafield ind1=" " ind2=" " tag="653">
      <marc:subfield code="a">Ratgeber</marc:subfield>
   </marc:datafield>
   <marc:datafield ind1=" " ind2=" " tag="653">
      <marc:subfield code="a">Selbstfürsorge</marc:subfield>
   </marc:datafield>
   <marc:datafield ind1=" " ind2=" " tag="653">
      <marc:subfield code="a">Selbsthilfe</marc:subfield>
   </marc:datafield>
   <marc:datafield ind1=" " ind2=" " tag="653">
      <marc:subfield code="a">VLA</marc:subfield>
   </marc:datafield>
   <marc:datafield ind1="0" ind2="0" tag="245">
      <marc:subfield code="a">Power</marc:subfield>
   </marc:datafield>
   <marc:datafield ind1="0" ind2="0" tag="245">
      <marc:subfield code="b">A Woman´s Guide to Living an Leading without Apology.</marc:subfield>
   </marc:datafield>
   <marc:datafield ind1="0" ind2="0" tag="245">
      <marc:subfield code="c">Nekvapil, Kemi</marc:subfield>
   </marc:datafield>
   <marc:datafield ind1="1" ind2=" " tag="520">
      <marc:subfield code="a">Ändern Sie Ihr Denken darüber, was Macht ist und wer sie haben darf. Lebe und führe voll und ganz, ohne Entschuldigung. Eigene Entscheidungen treffen und ihre Stimme ohne Entschuldigung zu nutzen, war ihr erster Schritt in Richtung eines mutigen, zielgerichteten Lebens.&#xD;
&#xD;
Heute ist Kemi eine hoch angesehene Führungskraft und Personal Coach und hat einen fünfstufigen Rahmen geschaffen, um anderen Frauen dabei zu helfen, ihre Macht aufzubauen durch:&#xD;
&#xD;
+ Präsenz, um zu verstehen, was in unserem Leben funktioniert und was nicht.&#xD;
+ Eigenverantwortung für unsere persönlichen Erzählungen, insbesondere unsere Machtgeschichten&#xD;
+ Weisheit über unsere Bedürfnisse, Grenzen und unser Wachstum.&#xD;
+ Gleichberechtigung als Teil der vielfältigen Menschheitsfamilie, wir alle sind es wert.&#xD;
Verantwortung für unsere Entscheidungen, Heilung und Glück&#xD;
&#xD;
. Durch die Kombination inspirierender Geschichten mit reflektierenden Coaching-Praktiken bietet POWER die Werkzeuge, um die Herausforderungen zu meistern, die sich auf uns selbst auswirken und wie wir führen, von Diskriminierung und Burnout bis hin zu Trauma und Selbstzweifeln.</marc:subfield>
   </marc:datafield>
   <marc:datafield ind1=" " ind2=" " tag="020">
      <marc:subfield code="a">9780143138020</marc:subfield>
      <marc:subfield code="9">9780143138020</marc:subfield>
   </marc:datafield>
   <marc:datafield ind1=" " ind2=" " tag="020">
      <marc:subfield code="a">0143138022</marc:subfield>
      <marc:subfield code="9">0143138022</marc:subfield>
   </marc:datafield>
</marc:record>
